000 00573nam a22002057a 4500
001 00028689
005 20260401100455.0
008 260401b ag ||||| |||| 00| 0 spa d
020 _a9500715783
040 _aAR-CcCEOS
_bspa
_cAR-CcCEOS
041 _aspa
080 _a860-3(82)
090 _bPER
100 1 _aPérez Izquierdo, Gastón
_91004
245 _aLa última carta de Pellegrini /
_cGastón Pérez Izquierdo
264 _aBuenos Aires :
_bSudamericana,
_cc1999.
300 _a323 p. ;
_c24x15 cm.
655 0 _aNOVELA HISTORICA
_916
942 _2udc
_cBK
_n0
999 _c28722
_d28722